Music Quiz

Random Music or Song Quiz

Jonathan Richman Songs Quiz Stats

 Plays Quiz not verified by Sporcle

Challenge
Share
Tweet
Embed
Score 0/280 Timer 20:00
0 Plays Today
Album Song % Correct
Modern Lovers 'Live'Ice Cream Man
65.5%
Rock 'n' Roll with the Modern LoversIce Cream Man
58.6%
Back in Your LifeBack In Your Life
55.2%
Jonathan Sings!The Neighbors
55.2%
Jonathan, Te Vas a Emocionar!Los Vecinos
55.2%
Jonathan Richman And The Modern LoversNew England
51.7%
Modern Lovers 'Live'I'm A Little Dinosaur
51.7%
I, JonathanI Was Dancing In A Lesbian Bar
51.7%
Modern Lovers 'Live'New England
48.3%
Jonathan Goes CountryThe Neighbors
48.3%
Having a Party with Jonathan Richman When I Say Wife
48.3%
Having a Party with Jonathan Richman Monologue About Bermuda
48.3%
I, JonathanThat Summer Feeling
48.3%
Surrender to JonathanI Was Dancing In A Lesbian Bar
48.3%
Rock 'n' Roll with the Modern LoversEgyptian Reggae
44.8%
I, JonathanVelvet Underground
44.8%
Jonathan Richman And The Modern LoversHey There Little Insect
41.4%
Jonathan Richman And The Modern LoversHere Come The Martian Martians
41.4%
Rock 'n' Roll with the Modern LoversDodge Veg O Matic
41.4%
Modern Lovers 'Live'Egyptian Reggae
41.4%
Jonathan Sings!That Summer Feeling
41.4%
Jonathan Sings!Give Paris One More Chance
41.4%
It's Time ForCorner Store
41.4%
Jonathan RichmanBlue Moon
41.4%
Jonathan RichmanCerca
41.4%
Jonathan Goes CountryReno
41.4%
Jonathan, Te Vas a Emocionar!Reno
41.4%
Rock 'n' Roll with the Modern LoversRoller Coaster By The Sea
37.9%
Back in Your LifeAbdul And Cleopatra
37.9%
Jonathan RichmanEveryday Clothes
37.9%
Surrender to JonathanEgyptian Reggae
37.9%
I'm So ConfusedI'm So Confused
37.9%
Rock 'n' Roll with the Modern LoversWheels On The Bus
34.5%
Rockin' & RomanceVincent Van Gogh
34.5%
Jonathan RichmanCloser
34.5%
Jonathan Goes CountryCorner Store
34.5%
Not So Much to Be Loved as to LoveVincent Van Gogh
34.5%
Modern Lovers 'Live'My Little Kookenhaken
31%
Back in Your LifeAffection
31%
Jonathan Goes CountryYou're Crazy For Taking The Bus
31%
I, JonathanParties In The U.S.A
31%
You Must Ask the HeartVampire Girl
31%
You Must Ask the HeartYou Must Ask The Heart
31%
Her Mystery Not of High Heels and Eye ShadowHer Mystery Not of High Heels and Eye Shadow
31%
Her Mystery Not of High Heels and Eye ShadowGive Paris One More Chance
31%
Because Her Beauty Is Raw and WildBecause Her Beauty Is Raw and Wild
31%
O Moon, Queen Of Night On EarthO Moon, Queen Of Night On Earth
31%
Jonathan Richman And The Modern LoversBack In The USA
27.6%
Jonathan Richman And The Modern LoversAbominable Snowman In The Market
27.6%
Rock 'n' Roll with the Modern LoversSouth American Folk Song
27.6%
Modern Lovers 'Live'I'm A Little Airplane
27.6%
Modern Lovers 'Live'Hey There Little Insect
27.6%
Modern Lovers 'Live'South American Folk Song
27.6%
Back in Your LifeLydia
27.6%
Jonathan Sings!Those Conga Drums
27.6%
Jonathan Sings!Not Yet Three
27.6%
Rockin' & RomanceThe Beach
27.6%
Rockin' & RomanceWalter Johnson
27.6%
Having a Party with Jonathan Richman She Doesn't Laugh At My Jokes
27.6%
Having a Party with Jonathan Richman When She Kisses Me
27.6%
I, JonathanTwilight In Boston
27.6%
Jonathan, Te Vas a Emocionar!Cerca
27.6%
You Must Ask the HeartWalter Johnson
27.6%
Que Venimos Sino a Caer?Vampiresa Mujer
27.6%
Jonathan Richman And The Modern LoversImportant In Your Life
24.1%
Back in Your LifeI'm Nature's Mosquito
24.1%
Jonathan Sings!Stop This Car
24.1%
Jonathan Sings!You're The One For Me
24.1%
Jonathan RichmanFender Stratocaster
24.1%
Jonathan RichmanI Eat With Gusto, Damn! You Bet
24.1%
Jonathan Goes CountrySince She Started To Ride
24.1%
Having a Party with Jonathan Richman 1963
24.1%
You Must Ask the HeartThe Rose
24.1%
Surrender to JonathanSurrender
24.1%
Her Mystery Not of High Heels and Eye ShadowVampiresa Mujer
24.1%
Not So Much to Be Loved as to LoveNot So Much to Be Loved as to Love
24.1%
Non Album Compilation Tracks There's Something About Mary (From There's Something About Mary)
24.1%
Jonathan Richman And The Modern LoversAmazing Grace
20.7%
Modern Lovers 'Live'The Morning Of Our Lives
20.7%
Back in Your LifeBuzz Buzz Buzz
20.7%
Jonathan Sings!This Kind Of Music
20.7%
Rockin' & RomanceThe Baltimores
20.7%
It's Time ForWhen I Dance
20.7%
Modern Lovers 88California Desert Party
20.7%
Modern Lovers 88Circle I
20.7%
Jonathan RichmanAction Packed
20.7%
Jonathan RichmanSleepwalk
20.7%
Having a Party with Jonathan Richman The Girl Stands Up To Me Now
20.7%
Having a Party with Jonathan Richman At Night
20.7%
I, JonathanTandem Jump
20.7%
I, JonathanYou Can't Talk To The Dude
20.7%
Jonathan, Te Vas a Emocionar!Sabor A Mi
20.7%
I'm So ConfusedWhen I Dance
20.7%
I'm So ConfusedAffection
20.7%
Album Song % Correct
Jonathan Richman And The Modern LoversLonely Financial Zone
17.2%
Rock 'n' Roll with the Modern LoversSweeping Wind
17.2%
Rock 'n' Roll with the Modern LoversFly Into The Mystery
17.2%
Back in Your Life(She's Gonna) Respect Me
17.2%
Jonathan Sings!Somebody To Hold Me
17.2%
Rockin' & RomanceThe U.F.O. Man
17.2%
Rockin' & RomanceI Must Be King
17.2%
Modern Lovers 88When Harpo Played His Harp
17.2%
Modern Lovers 88I Love Hot Nights
17.2%
Jonathan Goes CountryYou're The One For Me
17.2%
Jonathan Goes CountryRodeo Wind
17.2%
Jonathan Goes CountrySatisfied Mind
17.2%
Having a Party with Jonathan Richman Just For Fun
17.2%
I, JonathanA Higher Power
17.2%
Jonathan, Te Vas a Emocionar!Harpo En Su Harpa
17.2%
Jonathan, Te Vas a Emocionar!No Te Oye
17.2%
Jonathan, Te Vas a Emocionar!El U.F.O. Man
17.2%
Jonathan, Te Vas a Emocionar!Una Fuerza Alla
17.2%
You Must Ask the HeartJust Because I'm Irish
17.2%
Surrender to JonathanNot Just A 'Plus One' On The Guest List Anymore
17.2%
Not So Much to Be Loved as to LoveSalvador Dali
17.2%
Jonathan Richman And The Modern LoversRockin Shoppin Center
13.8%
Jonathan Richman And The Modern LoversHi Dear
13.8%
Jonathan Richman And The Modern LoversSpringtime
13.8%
Rock 'n' Roll with the Modern LoversRockin' Rockin' Leprechauns
13.8%
Rock 'n' Roll with the Modern LoversAngels Watching Over Me
13.8%
Back in Your LifeMy Love Is A Flower (Just Beginning To Bloom)
13.8%
Jonathan Sings!When I'm Walking
13.8%
Rockin' & RomanceChewing Gum Wrapper
13.8%
It's Time ForDouble Chocolate Malted
13.8%
Modern Lovers 88Gail Loves Me
13.8%
Jonathan Goes CountryI Must Be King
13.8%
Having a Party with Jonathan Richman Cappuccino Bar
13.8%
Having a Party with Jonathan Richman My Career As A Homewrecker
13.8%
Jonathan, Te Vas a Emocionar!Papel De Chicle
13.8%
You Must Ask the HeartThe Heart Of A Saturday Night
13.8%
Surrender to JonathanFrench Style
13.8%
Surrender to JonathanWhen She Kisses Me
13.8%
Not So Much to Be Loved as to LoveHe Gave Us The Wine To Taste
13.8%
Not So Much to Be Loved as to LoveAbu Jamal
13.8%
Rock 'n' Roll with the Modern LoversAfternoon
10.3%
Back in Your LifeEmaline
10.3%
Rockin' & RomanceMy Jeans
10.3%
Rockin' & RomanceDown In Bermuda
10.3%
It's Time ForIt's You
10.3%
It's Time ForJust About Seventeen
10.3%
It's Time ForThe Desert
10.3%
It's Time ForAncient Long Ago
10.3%
Modern Lovers 88Dancin' Late At Night
10.3%
Modern Lovers 88New Kind Of Neighborhood
10.3%
Modern Lovers 88The Theme From Moulin Rouge
10.3%
Jonathan RichmanMalagueña de Jojo
10.3%
Jonathan RichmanQue Reste-T-Il de Nos Amours?
10.3%
I, JonathanRooming House on Venice Beach
10.3%
I, JonathanGrunion Run
10.3%
Jonathan, Te Vas a Emocionar!Pantomima De 'El Amor Brujo'
10.3%
Jonathan, Te Vas a Emocionar!No Mas Por Fun
10.3%
You Must Ask the HeartLet Her Go Into The Darkness
10.3%
Surrender to JonathanThat Little Sleeper Car
10.3%
Surrender to JonathanTo Hide A Little Thought
10.3%
Surrender to JonathanFloatin'
10.3%
I'm So ConfusedNineteen In Naples
10.3%
I'm So ConfusedTrue Love Is Not Nice
10.3%
I'm So ConfusedThe Lonely Little Thrift Store
10.3%
Her Mystery Not of High Heels and Eye ShadowCouples Must Fight
10.3%
Non Album Compilation Tracks Let Her Go Into The Darkness (From Live From 6A: Conan O'Brien)
10.3%
Back in Your LifeLover Please
6.9%
Back in Your LifeParty In The Woods Tonight
6.9%
Back in Your LifeI Hear You Calling Me
6.9%
It's Time ForLet's Take A Trip
6.9%
It's Time ForNeon Sign
6.9%
It's Time ForYo Jo-Jo
6.9%
Jonathan RichmanMiracles Will Start To Happen
6.9%
Jonathan RichmanA Mistake For Me Today
6.9%
Jonathan Goes CountryI Can't Stay Mad At You
6.9%
Having a Party with Jonathan Richman They're Not Tryin' On The Dance Floor
6.9%
Having a Party with Jonathan Richman Our Swingin' Pad
6.9%
Jonathan, Te Vas a Emocionar!Melodia Tradicional Ecuadoriana
6.9%
Jonathan, Te Vas a Emocionar!Shirin Y Farad
6.9%
You Must Ask the HeartNothing Can Change This Love
6.9%
Surrender to JonathanRock 'N' Roll Drummer Straight From The Hospy-Tel
6.9%
Surrender to JonathanMy Little Girl's Got A Full Time Daddy Now
6.9%
I'm So ConfusedI Can Hear Her Fighting With Herself
6.9%
Her Mystery Not of High Heels and Eye ShadowSpringtime In New York
6.9%
Her Mystery Not of High Heels and Eye ShadowYo Tengo Una Novia
6.9%
Revolution Summer: Original Soundtrack to the FilmA Chill in the Night Air
6.9%
Because Her Beauty Is Raw and WildNo One Was Like Vermeer
6.9%
Because Her Beauty Is Raw and WildOld World
6.9%
Because Her Beauty Is Raw and WildHere it is
6.9%
Que Venimos Sino a Caer?Yo Tengo Una Novia
6.9%
O Moon, Queen Of Night On EarthIf You Want To Leave Our Party Just Go
6.9%
O Moon, Queen Of Night On EarthMy Affected Accent
6.9%
Non Album Compilation Tracks Stop Your Sobbing (From This Is Where I Belong: The Songs Of Ray Davies & The Kinks)
6.9%
Rock 'n' Roll with the Modern LoversSummer Morning
3.4%
Album Song % Correct
Rockin' & RomanceI'm Just Beginning To Live
3.4%
Rockin' & RomanceThe Fenway
3.4%
Rockin' & RomanceUp In The Sky Sometime
3.4%
Rockin' & RomanceNow Is Better Than Before
3.4%
It's Time ForThis Love Of Mine
3.4%
It's Time ForShirin & Fahrad
3.4%
Modern Lovers 88African Lady
3.4%
Modern Lovers 88Everything's Gotta Be Right
3.4%
Modern Lovers 88I Have Come Out To Play
3.4%
Jonathan Goes CountryYour Good Girl's Gonna Go Bad
3.4%
Jonathan, Te Vas a Emocionar!Ahora Es Mejor
3.4%
You Must Ask the HeartTo Hide A Little Thought
3.4%
You Must Ask the HeartThat's How I Feel
3.4%
You Must Ask the HeartCity Vs. Country
3.4%
Surrender to JonathanJust Look At Me
3.4%
I'm So ConfusedHello From Cupid
3.4%
I'm So ConfusedThe Night Is Still Young
3.4%
Her Mystery Not of High Heels and Eye ShadowLeaves On The Sidewalk After The Rain
3.4%
Her Mystery Not of High Heels and Eye ShadowTonight
3.4%
Her Mystery Not of High Heels and Eye ShadowLeaves On The Sidewalk After The Rain
3.4%
Not So Much to Be Loved as to LoveCosi Veloce
3.4%
Not So Much to Be Loved as to LoveIn Che Mondo Viviamo
3.4%
Not So Much to Be Loved as to LoveThe World Is Showing It's Hand
3.4%
Revolution Summer: Original Soundtrack to the FilmFrancine's Theme (Reprise)
3.4%
Because Her Beauty Is Raw and WildEs Como El Pan
3.4%
Because Her Beauty Is Raw and WildOur Drab Ways
3.4%
Because Her Beauty Is Raw and WildWhen We Refuse To Suffer
3.4%
Because Her Beauty Is Raw and WildWhen We Refuse To Suffer
3.4%
Because Her Beauty Is Raw and WildAs My Mother Lay Lying
3.4%
Que Venimos Sino a Caer?A Que Venimos Sino A Caer
3.4%
Que Venimos Sino a Caer?Cosi Veloce
3.4%
Que Venimos Sino a Caer?In Che Mondo Viviamo
3.4%
O Moon, Queen Of Night On EarthWinter Afternoon By B.U. In Boston
3.4%
Non Album Compilation Tracks Origin Of Love (Reprise) (From Wig In A Box – Songs From And Inspired By Hedwig And The Angry Inch)
3.4%
Non Album Compilation Tracks I Love Hot Nights (Live) (From No Alternative (Cassette Only Bonus Track))
3.4%
Rock 'n' Roll with the Modern LoversCoomyah
0%
Jonathan Goes CountryMan Walks Amoung Us
0%
Jonathan, Te Vas a Emocionar!Compardrito Corazon
0%
You Must Ask the HeartAmorcito Corazón
0%
Surrender to JonathanSatisfy
0%
I'm So ConfusedLove Me Like I Love
0%
I'm So ConfusedIf She Don't Love Me
0%
I'm So ConfusedI Can't Find My Best Friend
0%
Her Mystery Not of High Heels and Eye ShadowMe And Her Got A Good Thing Goin' Baby
0%
Her Mystery Not of High Heels and Eye ShadowI Took A Chance On Her
0%
Her Mystery Not of High Heels and Eye ShadowMaybe A Walk Home From Natick High School
0%
Her Mystery Not of High Heels and Eye ShadowMy Love For Her Ain't Sad
0%
Her Mystery Not of High Heels and Eye ShadowEl Joven Se Estremece
0%
Her Mystery Not of High Heels and Eye ShadowCon El Merengue
0%
Not So Much to Be Loved as to LoveSunady Afternoon
0%
Not So Much to Be Loved as to LoveMy Baby Love Love Loves Me
0%
Not So Much to Be Loved as to LoveBehold The Lillies Of The Field
0%
Not So Much to Be Loved as to LoveLes Etoiles
0%
Not So Much to Be Loved as to LoveOn A Du Soleil
0%
Revolution Summer: Original Soundtrack to the FilmWeeds Breaking Through The Concrete
0%
Revolution Summer: Original Soundtrack to the FilmRevolution Summer Theme
0%
Revolution Summer: Original Soundtrack to the FilmFrancine's Theme
0%
Revolution Summer: Original Soundtrack to the FilmMusic for Next Year's Jukebox
0%
Revolution Summer: Original Soundtrack to the FilmHipster Cafe
0%
Revolution Summer: Original Soundtrack to the FilmVacant Lot
0%
Revolution Summer: Original Soundtrack to the FilmHope's Theme
0%
Revolution Summer: Original Soundtrack to the FilmHope's Theme (Reprise)
0%
Revolution Summer: Original Soundtrack to the FilmWeeds Breaking Through the Concrete (Reprise)
0%
Revolution Summer: Original Soundtrack to the FilmNow What?
0%
Because Her Beauty Is Raw and WildTime Has Been Going By So Fast
0%
Because Her Beauty Is Raw and WildThe Lovers Are Here And They're Full Of Sweat
0%
Because Her Beauty Is Raw and WildLe Printemps Des Amoreux Est Venue
0%
Because Her Beauty Is Raw and WildThis Romance Will Be Different For Me
0%
Because Her Beauty Is Raw and WildOur Party Will Be On The Beach Tonight
0%
Que Venimos Sino a Caer?Es Como El Pan
0%
Que Venimos Sino a Caer?Celestial
0%
Que Venimos Sino a Caer?Le Printemps Des Amoreux Est Venue
0%
Que Venimos Sino a Caer?El Joven Se Estremece
0%
Que Venimos Sino a Caer?Silence Alors, Silence
0%
Que Venimos Sino a Caer?My Baby Loves Loves Loves Me
0%
Que Venimos Sino a Caer?Ha Muerto La Rosa
0%
O Moon, Queen Of Night On EarthThese Bodies That Came To Cavort
0%
O Moon, Queen Of Night On EarthI Was The One She Came For
0%
O Moon, Queen Of Night On EarthSa Voix M'Attise
0%
O Moon, Queen Of Night On EarthWe'll Be The Noise, We'll Be The Scandal
0%
O Moon, Queen Of Night On EarthThe Sea Was Calling Me Home
0%
O Moon, Queen Of Night On EarthThe Bitter Herb
0%
O Moon, Queen Of Night On EarthSa Voix M'Attise (Reprise)
0%
O Moon, Queen Of Night On EarthEven Though I Know I Am The Wind And The Sun, I
0%
O Moon, Queen Of Night On EarthThe Sea Was Calling Me Home (Reprise)
0%
O Moon, Queen Of Night On EarthIt Was Time For Me To Be With Her
0%
Non Album Compilation Tracks Mustapha (From Think About Mustapha)
0%
Non Album Compilation Tracks Gladstone 4.8.85 (From Inbetween The Music)
0%
Non Album Compilation Tracks Broken Promises (From The Inner Flame)
0%
Non Album Compilation Tracks I Like Gumby (From Gumby The Green Album)
0%
Non Album Compilation Tracks A Dream (From Dream Magazine #3)
0%
Non Album Compilation Tracks Our Dog Is Getting Older Now (from Colours Are Brighter)
0%

You're not logged in!

Compare scores with friends on all Sporcle quizzes.
Join for Free
OR
Log In

You Might Also Like...

Show Comments

Extras

Top Quizzes Today


Score Distribution

Your Account Isn't Verified!

In order to create a playlist on Sporcle, you need to verify the email address you used during registration. Go to your Sporcle Settings to finish the process.

Report this User

Report this user for behavior that violates our Community Guidelines.

Details: